[Event "12th SRB-ch Men 2018"]
[Site "Novi Sad"]
[Date "2018.03.10"]
[Round "5"]
[White "Indjic, Aleksandar"]
[Black "Markovic, Miroslav"]
[Result "1-0"]
[WhiteElo "2623"]
[BlackElo "2446"]
[Annotator "TA"]
[PlyCount "162"]
[EventDate "2018.??.??"]
[EventType "tourn"]
[EventCountry "SRB"]
[SourceTitle "playchess.com"]
[Source "ChessBase"]
[SourceQuality "1"]

{[%evp 9,162,32,33,25,20,26,29,27,33,24,27,10,17,18,19,6,14,11,24,4,8,4,5,3,18,18,22,17,34,20,17,0,0,0,0,0,0,0,0,0,0,0,0,-5,0,0,0,0,0,0,0,0,0,0,0,0,0,0,25,10,10,0,0,0,0,0,0,0,0,0,0,0,0,0,175,175,172,170,210,168,194,192,194,201,187,143,142,106,104,107,279,123,89,0,238,224,233,231,262,269,262,262,219,362,349,173,374,375,373,349,335,304,310,261,228,82,83,83,124,123,148,139,143,143,29965,29964,29966,29969,29974,29975,29977,29978,29978,29978,29978,29979,29979,29977,29977,29978,29978,29979,29979,29980,29980,29981,29980,29978,29986,29987,29987,29988,29988,29989,29989]} 1. d4 Nf6 2. Bf4 e6 3. e3 Bd6 (3... d5 4. Nd2 Bd6 5. Ngf3 O-O 6. Bd3 c5 7. c3 Nc6 8. Bg3 b6 9. e4 Be7 10. e5 Nh5 11. Nf1 cxd4 12. Nxd4 Nxd4 13. cxd4 g6 14. Ne3 f5 15. exf6 Bxf6 16. Be2 Nxg3 17. hxg3 {½-½ (37) Nakamura,H (2787)-Svidler,P (2760) Moscow 2018}) 4. Bxd6 cxd6 5. c4 d5 6. Nc3 $146 {A45: Trompowsky Attack} ({Predecessor:} 6. cxd5 Nxd5 7. e4 Nf6 8. Nc3 d6 9. Nf3 O-O 10. Bd3 Nc6 11. e5 dxe5 12. dxe5 {1-0 (35) Taghizadeh,R (2346)-Norowitz,Y (2423) Las Vegas 2017}) 6... dxc4 7. Bxc4 O-O 8. Nf3 {White has an edge.} a6 9. Bd3 b5 10. a3 Bb7 11. O-O d6 12. e4 Nbd7 13. Re1 e5 14. Bc2 Rc8 15. Qd2 Qb6 16. Rac1 Rfe8 17. d5 Rc7 18. b4 Bc8 19. Bd3 Nf8 {[%cal Bd7f8,Bf8g6,Bg6f4][%mdl 32]} 20. h3 Bd7 21. Ne2 Rec8 22. Rxc7 Rxc7 23. Rc1 Ng6 24. Rxc7 Qxc7 25. Kh2 h6 26. Nc3 Nf4 27. Bf1 Qc8 28. Ng1 g5 29. g3 Ng6 30. Bd3 Kg7 31. Nd1 Ne7 32. Ne3 Nh7 33. Qb2 Qd8 34. Ne2 Qb6 35. Kg2 f5 36. exf5 Nf6 37. Nc3 Qd4 38. Qc2 $1 Nexd5 39. Nexd5 Nxd5 40. Nxd5 Qxd5+ 41. Be4 Qd4 $2 (41... Qc4 $11 {and Black has nothing to worry.}) 42. Bc6 $36 {[%mdl 2048] White is in control.} Qa7 ({But not} 42... Bxc6+ 43. Qxc6 Qc4 44. Qd7+ (44. Qxd6 Qe4+ 45. Kf1 Qxf5 $11) 44... Qf7 45. Qxd6 $16) 43. Bf3 $1 Qb6 44. f6+ $1 Kxf6 45. Qh7 $1 {[%csl LRd7,LRh6]} Bc6 46. Qxh6+ Kf7 47. Qh5+ Kf6 48. Kg1 {Strongly threatening Qh6+.} Bxf3 49. Qxf3+ $16 {[%mdl 4096] Endgame KQ-KQ} Ke6 $2 (49... Kg6 $16) 50. Qe4 (50. g4 $1 $18 {and the rest is easy.}) 50... Kf6 51. g4 ({White should try} 51. Qh7 $1 $16) 51... Qd8 $2 (51... Kg7 $11) 52. Qc6 $18 Ke6 53. Qxa6 Qh8 54. Qxb5 Qxh3 55. Qc4+ d5 56. Qc6+ Ke7 57. Qc7+ (57. Qxd5 Qxg4+ 58. Kf1 Qh3+ 59. Ke2 Qg4+ 60. f3 Qf5 $18) (57. Qc5+ $142 Ke6 58. Qc8+ Kd6 59. Qf8+ Kd7 60. Qf5+ Kd6 61. Qxg5) 57... Ke6 58. Qc8+ Kd6 59. Qf8+ Kd7 60. Qf7+ Kd6 61. Qf6+ Kd7 62. Qxe5 (62. Qf5+ $18 {has better winning chances.} Kd6 63. Qf6+ Kd7 64. Qxg5) 62... Qxg4+ $16 63. Qg3 Qd1+ 64. Kg2 d4 65. Qf3 Qd2 66. b5 {Threatens to win with b6.} d3 $2 {[%mdl 8192]} (66... Qc3 $16 67. b6 Qc5) 67. Qd5+ {White mates.} Ke7 68. b6 Qe2 69. Qxg5+ Kd6 70. Qf4+ Kc6 71. Qc7+ Kd5 72. b7 Qe4+ 73. f3 Qe2+ 74. Kg3 Qe1+ {[#]} 75. Kg4 $1 ({Weaker is} 75. Kf4 Qh4+ 76. Ke3 Qe1+ 77. Kxd3 Qd1+ 78. Ke3 Qe1+ 79. Kd3 (79. Kf4 Qh4+ 80. Ke3 Qe1+ 81. Kd3 Qd1+ 82. Ke3 Qe1+ $11) 79... Qd1+ 80. Ke3 Qe1+ 81. Kf4 Qh4+ 82. Ke3 Qe1+ $11) 75... Qe6+ {[#]} 76. Kg5 $1 Qg8+ 77. Kf4 Qf8+ 78. Kg3 d2 79. b8=Q Qxf3+ 80. Kxf3 d1=Q+ 81. Kf4 Qd4+ {Precision: White = 68%, Black = 65%.} 1-0

[Event "12th SRB-ch Men 2018"]
[Site "Novi Sad"]
[Date "2018.03.10"]
[Round "5"]
[White "Markus, Robert"]
[Black "Perunovic, Milos"]
[Result "1/2-1/2"]
[WhiteElo "2615"]
[BlackElo "2597"]
[Annotator "TA"]
[PlyCount "50"]
[EventDate "2018.??.??"]
[EventType "tourn"]
[EventCountry "SRB"]
[SourceTitle "playchess.com"]
[Source "ChessBase"]
[SourceQuality "1"]

{[%evp 31,50,26,86,64,79,43,42,54,47,49,50,23,29,0,0,0,0,0,0,0,0]} 1. Nf3 c5 2. c4 Nf6 3. Nc3 e6 4. e3 Nc6 5. d4 d5 6. a3 a6 7. dxc5 Bxc5 8. b4 Ba7 9. Bb2 O-O 10. Qc2 Qe7 11. Rd1 Rd8 12. Be2 d4 13. exd4 Nxd4 14. Nxd4 Bxd4 15. O-O {D40: Queen's Gambit Declined: Semi-Tarrasch with 5 e3} e5 16. Na4 Bg4 {LiveBook: 4 Games} (16... Bd7 $1 $11 {remains equal.} 17. Bxd4 Bxa4 18. Qxa4 Rxd4) (16... Be6 17. c5 Qc7 18. Nb6 Rab8 19. Bxd4 Rxd4 20. Rxd4 exd4 21. Rd1 Rd8 22. h3 g6 {1-0 (59) Aronian,L (2808)-Anand,V (2817) Monte Carlo 2011}) 17. Bxd4 {White is better.} Rxd4 18. Rxd4 exd4 19. Bxg4 Nxg4 20. h3 Nf6 21. Nc5 $146 ({Predecessor:} 21. Rd1 Rd8 22. Nc5 a5 {½-½ (34) Schiendorfer,F (2180)-Toth,B (2359) Switzerland 2013}) 21... a5 22. Qf5 axb4 {The position is equal.} 23. axb4 Qe2 24. Qd3 Qxd3 25. Nxd3 Kf8 1/2-1/2

[Event "12th SRB-ch Men 2018"]
[Site "Novi Sad"]
[Date "2018.03.10"]
[Round "5"]
[White "Sedlak, Nikola"]
[Black "Damljanovic, Branko"]
[Result "1-0"]
[WhiteElo "2600"]
[BlackElo "2522"]
[Annotator "TA"]
[PlyCount "79"]
[EventDate "2018.??.??"]
[EventType "tourn"]
[EventCountry "SRB"]
[SourceTitle "playchess.com"]
[Source "ChessBase"]
[SourceQuality "1"]

{[%evp 13,79,21,16,9,20,14,29,40,35,30,34,33,35,28,64,67,99,104,102,104,102,98,104,110,149,3,120,141,178,177,178,158,155,147,152,148,147,141,147,141,166,162,218,198,200,162,242,239,227,223,260,292,290,288,288,247,327,325,320,325,363,312,487,470,868,868,1092,1089]} 1. d4 Nf6 2. Nf3 g6 3. Nc3 d5 4. Bf4 c6 5. h3 Bg7 6. e3 Nbd7 7. Bd3 O-O 8. O-O {D00: 1 d4 d5: Unusual lines} b6 9. a4 Bb7 10. a5 {White has an edge.} bxa5 11. Qb1 c5 12. Qa2 a6 $146 ({Predecessor:} 12... c4 13. Be2 Ne4 14. Nxe4 dxe4 15. Ne5 Nxe5 16. dxe5 {1-0 (53) Hebden,M (2540)-Madan,A (2425) Liverpool 2007}) 13. Rfd1 c4 14. Be2 $36 {[%mdl 2048] White has good play.} Qb6 15. Qxa5 Qxa5 16. Rxa5 Rfc8 17. Rb1 e6 18. b3 Ne4 19. Na2 (19. Nxe4 $16 dxe4 20. Nd2) 19... c3 (19... cxb3 $11 20. Rxb3 Ra7) 20. Nb4 Bf8 21. Nxa6 Nb8 {[%cal Rb8a6]} 22. Bxb8 Bxa6 23. Rxa6 Rxa6 24. Bxa6 Rxb8 25. Ra1 Ra8 26. Ne5 Nd6 27. Ra4 Be7 (27... Ra7 $142 28. Be2 Nc8) 28. Nc6 Kf8 29. Bd3 Rc8 (29... Rxa4 {is a better defense.} 30. bxa4 Ke8) 30. Ra6 $18 Ne8 31. b4 {[%cal Bb3b4,Bb4b5][%mdl 32]} Nc7 32. Ra7 Bd6 33. b5 Na8 34. f4 h5 35. Kf2 Nb6 36. Rb7 Na4 37. Ne5 Bc7 (37... Rc7 {might work better.}) 38. Nd7+ {White is clearly winning.} Ke7 (38... Kg8 $142 39. b6 Bd6) 39. b6 Kxd7 40. Bb5+ {Precision: White = 71%, Black = 28%.} ({Weaker is} 40. Rxc7+ Rxc7 41. Bb5+ (41. bxc7 Nb6 $16) 41... Kd6 $16) (40. bxc7 Kc6 $16) 1-0

[Event "12th SRB-ch Men 2018"]
[Site "Novi Sad"]
[Date "2018.03.10"]
[Round "5"]
[White "Savic, Miodrag R"]
[Black "Djordjevic, Vuk"]
[Result "1-0"]
[WhiteElo "2535"]
[BlackElo "2372"]
[Annotator "TA"]
[PlyCount "67"]
[EventDate "2018.??.??"]
[EventType "tourn"]
[EventCountry "SRB"]
[SourceTitle "playchess.com"]
[Source "ChessBase"]
[SourceQuality "1"]

{[%evp 15,67,15,14,12,6,1,29,29,47,29,39,27,68,59,58,65,173,122,155,152,180,177,180,186,229,233,233,225,233,217,223,226,256,277,275,227,268,275,262,151,622,194,749,363,332,317,595,527,659,561,29966,29967,29962,29956]} 1. e4 {[%cal Be2e4,Be4e5][%mdl 32]} e6 2. d4 d5 3. Nd2 Be7 4. Ngf3 Nf6 5. e5 Nfd7 6. c4 b6 {C03: French Tarrasch: Unusual Black 3rd moves} (6... c5 7. cxd5 exd5 8. Bb5 Nc6 9. O-O a6 10. Bxc6 bxc6 11. Re1 O-O 12. Nf1 c4 13. Ng3 Nb6 14. Qc2 {1-0 (36) Vajda,L (2579)-Medvegy,Z (2539) Budapest 2017}) 7. Bd3 Bb7 8. O-O c5 {LiveBook: 3 Games. The position is equal.} 9. Re1 O-O $146 ({Predecessor:} 9... Na6 10. cxd5 exd5 11. Nf1 Nc7 12. Qc2 g6 13. Ne3 c4 14. Bf1 {1-0 (35) Soltis,A (2460)-Elger,W St. Paul,Minnesota 1982}) 10. a3 Nc6 11. cxd5 exd5 12. Nf1 {[%cal Bd2f1,Bf1e3,Be3f5][%mdl 32]} Re8 13. Ne3 Nf8 14. dxc5 Bxc5 15. Nf5 {Black must now prevent Bg5.} a5 ({Better is} 15... Ng6 $14) 16. Bf4 (16. Bg5 $18 Qc7 17. Rc1) 16... Ne6 17. Bg3 $1 Ba6 18. Bxa6 Rxa6 {[%cal Ba8a6,Ba6b6,Bb6b5][%mdl 32]} 19. Nd6 Bxd6 20. exd6 d4 21. Qa4 b5 22. Qxb5 Rb6 23. Qd5 Qd7 24. Rac1 h6 25. Rc2 Ne7 26. Qxa5 Rb5 27. Qa6 (27. Qd2 $18 Ng6 28. b4) 27... Nf5 $2 {[#]} (27... d3 $16 28. a4 Rd5) 28. b4 $2 (28. Rxe6 $1 Rxe6 (28... Qxe6 29. Qxb5) 29. Rc7 Rxb2 30. Rxd7 Rb1+ 31. Qf1 Rxf1+ 32. Kxf1) 28... f6 $2 {[#]} (28... Rd5 29. Ne5 Qxd6) 29. Rce2 (29. Rxe6 $142 $1 Qxe6 30. Qxb5) 29... Kf7 $18 30. Qa4 g5 $2 (30... Qb7 {was necessary.} 31. h4 d3) 31. Qc2 g4 32. Nh4 Nxh4 33. Qh7+ Ng7 34. Rxe8 {Precision: White = 62%, Black = 25%.} 1-0

[Event "12th SRB-ch Men 2018"]
[Site "Novi Sad"]
[Date "2018.03.10"]
[Round "5"]
[White "Rabrenovic, Vladan"]
[Black "Ratkovic, Miloje"]
[Result "1/2-1/2"]
[WhiteElo "2371"]
[BlackElo "2427"]
[Annotator "TA"]
[PlyCount "126"]
[EventDate "2018.??.??"]
[EventType "tourn"]
[EventCountry "SRB"]
[SourceTitle "playchess.com"]
[Source "ChessBase"]
[SourceQuality "1"]

{[%evp 13,126,52,73,70,52,31,42,45,78,84,69,-20,-24,-25,-29,-22,-18,-108,39,-65,-37,-25,-4,0,13,4,178,187,187,176,166,47,56,46,211,203,216,212,203,187,219,-274,-260,-260,-260,-260,-258,-258,-245,-233,-214,-201,-202,-187,-72,-225,-225,-210,-216,-308,-298,-323,-341,-415,-383,-400,0,0,0,0,0,0,83,0,0,0,4902,1862,4678,4656,5006,2597,2377,2001,29973,29974,29973,29969,29962,29963,5373,4618,29978,29979,29979,29980,29980,0,29978,29979,29982,29950,1776,0,0,0,0,0,0,0,29982,0,583,0,29982]} 1. d4 d5 2. c4 e5 3. dxe5 d4 4. Nf3 Nc6 5. a3 Bg4 6. Nbd2 Qe7 7. h3 Bh5 {LiveBook: 29 Games} 8. Qb3 {D08: Albin Counter Gambit} (8. g4 {NOTEXT} Bg6 9. Bg2 O-O-O 10. O-O h5 11. g5) (8. g4 Bg6 9. Bg2 O-O-O 10. O-O h5 11. g5 h4 12. b4 f6 13. Qa4 fxe5 14. b5 Nb8 15. Qxa7 e4 16. Nxd4 {1-0 (30) Heimann,A (2548)-Koop,T (2407) Lingen 2015}) 8... O-O-O 9. g4 Bg6 10. Bg2 {White is slightly better.} h5 11. g5 h4 12. e3 (12. Qa4 $1 $14) 12... dxe3 $11 13. Qxe3 Qe6 14. b4 Nge7 $1 {[%cal Bg8e7,Be7f5,Bf5g3,Bg3e2][%mdl 32]} 15. Bb2 (15. O-O $11 {keeps the balance.}) 15... Bd3 (15... Rd3 $17 16. Qe2 Rd8) 16. b5 $146 (16. Bf1 $1 $14 Bg6 17. Be2) 16... Nf5 $15 {[%mdl 1024] Black has compensation.} 17. Qf4 Na5 18. Bf1 Bc5 19. Bc3 Qb6 $2 (19... b6 $11) 20. Bxd3 $18 Bxf2+ 21. Kd1 Ng3 22. Kc2 (22. Bf5+ $18 Kb8 23. Kc2) 22... Rxd3 $1 $14 23. Bxa5 $1 (23. Kxd3 $2 Qg6+ 24. Ne4 Rd8+ 25. Bd4 Nb3 $19) 23... Qxa5 $2 (23... Qg6 $1 $14 24. Kb2 Nxh1) 24. Kxd3 $18 Rd8+ 25. Kc2 Ne2 26. Qf5+ $1 (26. Qxf7 Qc3+ 27. Kd1 (27. Kb1 Qd3+ 28. Kb2 Bd4+ 29. Nxd4 Qxd2+ 30. Kb3 Nxd4+ 31. Ka4 Qc2+ 32. Kb4 Qb3+ 33. Ka5 b6+ 34. Ka6 Qa4#) 27... Ng3 $11) 26... Kb8 27. Qd3 $4 {[%mdl 8192]} ({Not} 27. Qxf7 Qc3+ 28. Kd1 (28. Kb1 {leads to mate.} Qd3+ 29. Kb2 Bd4+ 30. Nxd4 Qxd2+ 31. Kb3 Nxd4+ 32. Ka4 b6 33. Qxc7+ Kxc7 34. g6 Qa5#) 28... Ng3 $15) (27. Rhd1 $1 $18) 27... Qa4+ 28. Qb3 Rxd2+ $1 29. Nxd2 Nd4+ 30. Kc3 Nxb3 31. Nxb3 {Hoping for g6!} Bg3 32. Nc5 Qa5+ 33. Kc2 Kc8 (33... Bf2 $19 {has better winning chances.} 34. Nb3 Qb6) 34. Nd3 $2 (34. Rhd1 $17 {was the only defense.} Qb6 35. Rd5) 34... Qb6 35. Rad1 a5 36. Rhf1 (36. bxa6 {is a better defense.} Qxa6 37. Kb3) 36... Qe6 $1 $19 {[%csl LRc4,LRe5,LRh3]} 37. Kb3 b6 $1 38. Rf3 Qxh3 39. Re3 Qg2 $2 {[#]} (39... Qf5 $19 40. g6 Qxg6) 40. g6 $1 $11 {[%cal Rg6f7][%mdl 512]} fxg6 {aiming for ...h3.} 41. e6 $36 {[%mdl 2048] [#] White has good play.} a4+ $1 {[%mdl 512]} 42. Kc3 {And now e7 would win.} (42. Kxa4 Qc2+) 42... Bd6 (42... Qa2 $11 43. e7 Qxa3+ 44. Kd2 Qa2+ 45. Kc3 Qa3+ 46. Kd4 Qd6+ 47. Kc3 Qa3+) 43. e7 $16 Bxe7 $1 44. Rxe7 Qa2 $2 {[%mdl 8192]} (44... h3 $11) 45. Re8+ $18 Kb7 46. Rf1 $1 {[%cal Rf1f8]} Qxa3+ 47. Kd4 Qd6+ {[#]} 48. Ke4 $1 Qd7 49. Rff8 c5 50. Ne5 Qd4+ 51. Kf3 Qc3+ 52. Kf4 {[%cal Rf8f7]} Qd2+ 53. Kg4 Qg2+ 54. Kxh4 {[%cal Rf8f7]} Qh2+ {[#]} 55. Kg4 $2 (55. Kg5 $1 {NOTEXT} Qg1+ 56. Ng4 Qc1+ 57. Kxg6 Kc7 58. Ne3 Qg1+ 59. Kf7 Qf2+ 60. Kg8 Qxf8+ 61. Rxf8) 55... Qg2+ $2 {[%mdl 8192]} (55... Qg1+ $11 56. Kh4 Qh2+ 57. Kg5 Qh5+ 58. Kf4 Qh6+ 59. Kg3 Qg5+ 60. Kf3 Qh5+ 61. Ke3 Qh3+ 62. Rf3 Qxf3+ 63. Kxf3 a3 64. Re7+ Kc8 65. Rxg7 g5) 56. Kf4 {[%cal Rf8f7]} Qf1+ 57. Ke4 {[%cal Re8e7]} Qh1+ 58. Ke3 $2 ({Only move:} 58. Nf3 $18 {[%cal Rf8f7]} Kc7 59. Re7+ Kd6 60. Rxg7) 58... Qe1+ $11 59. Kf3 {[%cal Rf8f7]} Qf1+ $1 60. Kg4 {[%cal Re8e7]} Qg2+ 61. Kf4 $2 {[%mdl 8192]} (61. Kh4 $11 g5+ 62. Kh5 Qh3+ 63. Kxg5) 61... Qf1+ $1 62. Ke4 (62. Kg5 $142 Qg1+ 63. Ng4 Kc7 64. Rf7+ Kd6 65. Rc8 Qg2 66. Rc6+ Qxc6 67. bxc6 Kxc6 68. Rxg7) 62... Qh1+ $18 63. Kf4 (63. Nf3 $18 Kc7 64. Re7+ Kd6 65. Rxg7) 63... Qf1+ {[%mdl 32768] Precision: White = 47%, Black = 51%. . An unexpected result.} 1/2-1/2

[Event "12th SRB-ch Men 2018"]
[Site "Novi Sad"]
[Date "2018.03.11"]
[Round "6"]
[White "Indjic, Aleksandar"]
[Black "Rabrenovic, Vladan"]
[Result "1-0"]
[WhiteElo "2623"]
[BlackElo "2371"]
[Annotator "TA"]
[PlyCount "69"]
[EventDate "2018.??.??"]
[EventType "tourn"]
[EventCountry "SRB"]
[SourceTitle "playchess.com"]
[Source "ChessBase"]
[SourceQuality "1"]

{[%evp 9,69,7,45,26,60,60,66,46,57,53,41,60,41,41,55,55,47,0,161,175,184,170,215,119,210,215,215,209,462,462,445,451,452,442,382,377,354,343,704,704,732,715,752,670,685,638,29984,29985,29988,29989,29992,29993,29993,29994,29995,29982,5281,3300,29996,29997,29997,169]} 1. d4 Nf6 2. c4 g6 3. Nc3 d5 4. Nf3 Bg7 5. h4 (5. Qb3 dxc4 6. Qxc4 Be6 7. Qa4+ Bd7 8. Qb3 c5 9. d5 b5 10. e4 b4 11. e5 bxc3 12. exf6 Bxf6 13. bxc3 O-O 14. Bh6 Re8 {0-1 (32) Volkov,S (2645)-Svidler,P (2765) St Petersburg 2017}) 5... h5 6. Bg5 {D90: Grünfeld: 4 Nf3 Bg7 sidelines} Ne4 $146 ({Predecessor:} 6... c6 7. e3 O-O 8. Qb3 e6 9. Be2 Nbd7 10. O-O dxc4 11. Bxc4 b5 12. Be2 Qb6 {1-0 (43) Santiago,Y (2507)-Goncalves,J (1982) Ponta Grossa 2017}) 7. cxd5 Nxc3 8. bxc3 {And now e4 would win.White is slightly better.} Qxd5 9. g3 c5 10. Bg2 Bf5 11. O-O {Black must now prevent Ne5.} Be4 $1 12. c4 $36 {[%mdl 2048] White has good play.} Qd7 {[%cal Rg7d4]} 13. d5 Bxf3 $2 (13... Bxa1 $11 14. Qxa1 f6) 14. exf3 $18 ({Don't play} 14. Bxf3 $6 Bxa1 15. Qxa1 Rg8 $14) 14... O-O 15. Re1 Re8 16. Kh2 ({White should play} 16. Rb1 $18) 16... Qd6 {[#]} (16... Bxa1 $16 {is a better defense.} 17. Qxa1 Na6) 17. Rb1 $1 b6 18. Bh3 Nd7 $2 (18... Na6 19. Bf4 Qd8) 19. Bf4 Ne5 20. Qe2 f6 21. Be6+ Kh7 22. Rb3 Rf8 23. Kg2 Rae8 $2 (23... Qd8 24. Bd2 (24. Bxe5 fxe5 25. Qc2 Qe8 $16) 24... Qe8) 24. g4 {[%cal Bg3g4,Bg4g5][%mdl 32]} Bh6 25. Bg3 ({Not} 25. Bxe5 Qxe5 26. Qd1 (26. Qxe5 fxe5 27. Ra3 Ra8 $18) 26... Qc7 $18) 25... Qd8 26. g5 Bg7 27. f4 ({Less strong is} 27. Bxe5 fxe5 28. Qd3 Rf4 $14) 27... Nf7 28. f5 fxg5 29. fxg6+ Kxg6 30. Qc2+ Kh6 31. Bxf7 Rxf7 32. Re6+ Bf6 33. hxg5+ Kxg5 {[#]} 34. Bf4+ $1 {[%mdl 512]} Kxf4 35. Qe4+ {Precision: White = 73%, Black = 32%.} 1-0

[Event "12th SRB-ch Men 2018"]
[Site "Novi Sad"]
[Date "2018.03.11"]
[Round "6"]
[White "Damljanovic, Branko"]
[Black "Savic, Miodrag R"]
[Result "1/2-1/2"]
[WhiteElo "2522"]
[BlackElo "2535"]
[Annotator "TA"]
[PlyCount "83"]
[EventDate "2018.??.??"]
[EventType "tourn"]
[EventCountry "SRB"]
[SourceTitle "playchess.com"]
[Source "ChessBase"]
[SourceQuality "1"]

{[%evp 12,83,27,20,33,17,31,27,57,51,30,60,56,26,51,0,0,0,0,0,0,0,0,0,0,-175,-177,-156,-163,-164,-34,-27,-23,-15,-17,-25,0,0,0,0,69,0,0,0,0,0,0,0,0,0,0,0,0,0,200,196,170,175,295,231,287,131,145,0,0,0,0,0,50,0,0,0,35,0]} 1. d4 Nf6 2. c4 e6 3. Nf3 Bb4+ 4. Bd2 a5 5. Qc2 O-O 6. e4 {E11: Bogo-Indian} (6. Nc3 d6 7. e3 Re8 8. a3 Bxc3 9. Bxc3 Nc6 10. Be2 e5 11. dxe5 dxe5 12. O-O a4 13. Rfd1 Qe7 14. h3 g6 15. Nd2 Bf5 16. Bd3 Bxd3 17. Qxd3 Red8 18. Qc2 {½-½ (18) Lysyj,I (2666)-Tkachiev,V (2637) Warsaw 2013}) 6... d6 7. Nc3 {LiveBook: 4 Games} e5 8. dxe5 dxe5 9. Nxe5 Qe8 $146 ({Predecessor:} 9... Re8 10. f4 Rxe5 11. fxe5 Ng4 12. Nd5 Bc5 13. O-O-O c6 {1-0 (30) Girya,O (2437)-Purtseladze,M (2349) Belgrade 2013}) 10. f4 $1 Nc6 11. Nxc6 Qxc6 12. Bd3 Be6 13. b3 ({White should play} 13. e5 $1 $14 Nd7 14. O-O (14. Bxh7+ Kh8 $14)) 13... a4 14. Nxa4 Bxd2+ 15. Qxd2 Rfd8 $1 16. Nc3 Qc5 $1 17. O-O-O b5 ({Reject} 17... Bg4 $6 18. Rde1 $16) 18. cxb5 $2 {[#]} (18. Nxb5 $11 c6 19. Nc3) 18... Nxe4 $1 $19 {[%mdl 512]} 19. Bxe4 Rxd2 20. Kxd2 Qf2+ (20... Qd4+ $19 21. Kc2 Rxa2+ $1 {[%mdl 512]} 22. Nxa2 Qxe4+ 23. Kc3 g6 24. Rd8+ Kg7) 21. Kc1 $15 Qxf4+ 22. Kb2 Qf2+ 23. Kc1 Re8 {...Bg4 is the strong threat.} 24. Rhf1 Qe3+ 25. Kb2 g6 (25... Qg5 $1 $11) 26. Bc6 ({Better is} 26. Rf3 $14 Qc5 27. h3) 26... Re7 $1 $11 27. h3 Kg7 28. Rfe1 Qf2+ 29. Re2 Qf6 30. Rde1 Qd4 31. Rd1 Qf6 32. Rde1 h5 $2 (32... Qd4 $11 {and Black has nothing to worry.}) 33. Re5 $18 Qf4 {White must now prevent ...Qd2+.} 34. R1e2 g5 (34... Kh6 $142 35. R5e4 Qg3) 35. R5e4 Qd6 {[#]} 36. Re5 (36. a4 $1 $18) 36... g4 $16 37. hxg4 ({Resist} 37. Rxh5 $6 Bc8 $14) (37. R5e4 $16) 37... hxg4 $11 38. Rg5+ Kh6 39. Rge5 Kg7 40. Rg5+ Kh6 41. Rge5 {And now R5e4 would win.} Kg7 $1 42. Rg5+ {Precision: White = 68%, Black = 61%.} 1/2-1/2

[Event "12th SRB-ch Men 2018"]
[Site "Novi Sad"]
[Date "2018.03.11"]
[Round "6"]
[White "Ratkovic, Miloje"]
[Black "Sedlak, Nikola"]
[Result "0-1"]
[WhiteElo "2427"]
[BlackElo "2600"]
[Annotator "TA"]
[PlyCount "102"]
[EventDate "2018.??.??"]
[EventType "tourn"]
[EventCountry "SRB"]
[SourceTitle "playchess.com"]
[Source "ChessBase"]
[SourceQuality "1"]

{[%evp 10,102,20,23,16,0,0,0,0,0,4,-11,0,-8,0,-65,-35,-60,-29,-73,-49,-60,-50,-49,-47,-47,-50,-82,-15,-27,0,-43,-24,-33,0,0,0,0,0,0,0,0,0,0,0,0,0,0,0,0,0,0,0,-20,0,-37,-39,-32,-17,-24,-13,-13,-13,-13,-13,-38,-54,-56,-12,-12,-8,-16,-11,-93,-54,-245,-170,-473,-547,-509,-479,-897,-983,-910,-927,-908,-822,-1389,-1332,-1272,-1201,-3554,-3020,-12830,-7206]} 1. d4 e6 2. c4 f5 3. Nc3 Nf6 4. Nf3 Bb4 5. Bd2 O-O 6. e3 {LiveBook: 15 Games} d6 {A85: Dutch Defence: 2 c4 Nf6 3 Nc3} (6... b6 7. Be2 Bb7 8. O-O d6 9. d5 Bxc3 10. Bxc3 Ne4 11. Be1 {½-½ (11) Laxman,R (2431)-Gleizerov,E (2566) Visakhapatnam 2011}) 7. a3 Bxc3 $1 8. Bxc3 Ne4 {The position is equal.} 9. Qc2 b6 10. O-O-O Bb7 11. h4 Nd7 12. d5 $146 (12. Be1 $11) ({Predecessor:} 12. b3 Nxc3 13. Qxc3 Nf6 14. Ng5 Qe7 15. f3 c5 16. Kb2 Rac8 17. Bd3 d5 {0-1 (44) Zigo,P (1915)-Ockay,T (2140) Ostrava 2010}) 12... e5 13. h5 Ndc5 14. Nh4 Nxc3 15. Qxc3 a5 16. Bd3 Nxd3+ 17. Qxd3 Qf6 18. Qc3 a4 (18... c6 $1 $17 {...cxd5 is the strong threat.} 19. dxc6 Bxc6) 19. Kb1 Ra5 20. Rc1 (20. h6 $5) 20... Bc8 21. Nf3 {[%cal Bh4f3,Bf3e1,Be1c2][%mdl 32]} Bd7 (21... Rc5 {looks sharper.} 22. Qb4 Bd7 23. Ne1 e4 24. Nc2 f4) 22. Ne1 e4 23. Qxf6 Rxf6 24. Nc2 f4 25. Rh4 fxe3 26. fxe3 Rf2 27. Nd4 Ra8 28. Rc2 Rff8 29. Rxe4 Rae8 30. Rxe8 Rxe8 $11 {[%mdl 4096] Endgame KRB-KRN} 31. Rc3 Bg4 32. Kc1 Bxh5 33. Kd2 Bg4 34. Kd3 g5 35. e4 Kg7 36. Nb5 Re7 37. Kd4 h5 38. Re3 Kf6 39. Re1 h4 40. Rf1+ $1 Kg7 41. Re1 (41. Kd3 $11 {remains equal.}) 41... Kg6 42. e5 $2 ({Better is} 42. Rf1 $15) 42... dxe5+ 43. Rxe5 $2 (43. Ke3) 43... Rxe5 $19 {Black is clearly winning.} 44. Kxe5 {[#] KB-KN} Bf3 $1 {[%cal Rf3g2][%mdl 512]} 45. Nxc7 (45. Kd4 $142 Bxg2 46. Ke3) (45. gxf3 h3) 45... Bxg2 46. d6 {[#]} Bc6 $1 47. Nd5 Kf7 48. Nf6 h3 49. Ng4 Bf3 50. Nh6+ Ke8 51. Ke6 Bc6 {Precision: White = 39%, Black = 55%.} 0-1